| 000 | 00837nas a2200205 a 4500 | ||
|---|---|---|---|
| 003 | OSt | ||
| 005 | 20170727164743.0 | ||
| 008 | 130121d19331936sp u||p||||||||cat||||||d | ||
| 040 |
_aCDMR _bcat _cCDMR |
||
| 110 | 2 |
_9134 _aAssociació de Periodistes de Barcelona |
|
| 245 | 1 | 0 |
_aAnnals del Periodisme Català _cAssociació Periodistes Barcelona |
| 260 |
_aBarcelona _bAssociació de Periodistes de Barcelona _c1933-1936 |
||
| 300 | _av. | ||
| 310 | _aIrregular | ||
| 362 | 0 | _a1a època, núm. 0 (agost 1933) - núm. 25 (maig 1936) | |
| 650 | 0 | 4 |
_94533 _aAssociacions de periodistes _y1933-1936 _zCatalunya |
| 785 | 0 | 0 |
_aAnnals del Periodisme Català _dBarcelona : Col·legi de Periodistes de Catalunya, 1984-1995 _x1135-1039 |
| 856 | 4 | 0 |
_uhttp://raco.cat/index.php/annalsperiodismecatala/index _yDisponible en línia (RACO) |
| 942 |
_cSER _2udc |
||
| 999 |
_c6681 _d6681 |
||